|
|
|
|
| LEADER |
00000ckm a2200000 a 4500 |
| 001 |
vtls001206494 |
| 003 |
SK-MaSNL |
| 005 |
20260331202800.0 |
| 007 |
kf co |
| 008 |
231213s1990 xo g 0kuslo |
| 015 |
|
|
|a SNBG1990
|
| 035 |
|
|
|a SNK000149564
|
| 035 |
|
|
|a urn:nbn:sk:snk-km45vc9
|
| 035 |
|
|
|a 44D8BD18-AEEE-4C4D-B8AC-286163FF8F12
|
| 035 |
|
|
|a urn:nbn:sk:snk-km00fb4t
|
| 040 |
|
|
|a SNK
|b slo
|c SNK
|e AACR2
|
| 041 |
0 |
|
|a slo
|
| 043 |
|
|
|a e-xo---
|
| 044 |
|
|
|a xo
|c SK
|
| 072 |
|
7 |
|a 913
|x Regionálna geografia
|2 konspekt
|
| 080 |
|
|
|a 913(437.6)
|2 2011
|
| 080 |
|
|
|a 728.82
|2 2011
|
| 080 |
|
|
|a 725.1:791.096
|2 2011
|
| 080 |
|
|
|a 721
|2 2011
|
| 080 |
|
|
|a 711.61
|2 2011
|
| 080 |
|
|
|a (084.121)
|2 2011
|
| 080 |
|
|
|a 725.1:613.47-026.912
|2 2011
|
| 100 |
1 |
|
|a Šmátrala, Milan
|c (fotograf)
|4 pht
|9 164919
|
| 245 |
1 |
0 |
|a Zvolen
|h grafika
|c foto: M. Šmátrala, F. Lorenc, E. Lorencová, J. Sekal ; grafický návrh: J. Smola
|
| 246 |
1 |
|
|i Názov na adresnej časti:
|a Zvolen, historické jadro
|
| 246 |
1 |
|
|i Názov na adresnej časti:
|a Kino Mier
|
| 246 |
1 |
|
|i Názov na adresnej časti:
|a Kúpalisko Neresnica
|
| 246 |
1 |
|
|i Názov na adresnej časti:
|a SNG, zámok - Zvolen
|
| 260 |
|
|
|a Bratislava
|b ČSTK-Pressfoto
|c 1990
|e Skalica
|f Grafobal
|
| 300 |
|
|
|a 1 pohľadnica (4 čiastkové pohľady)
|b farebná
|c 11 x 15 cm
|
| 500 |
|
|
|a Názvové údaje prevzaté z obrazovej časti pohľadnice
|
| 520 |
8 |
|
|a Zobrazenie: Štyri čiastkové pohľady, každý v bielom orámovaní, všetky spolu v bielo-striebornom orámovaní. Pohľad na Námestie SNP, vpravo je pozdĺž neho rad budov. na námestí je množstvo ľudí, ľavo parkuje osobné auto. Pohľad na Kino Mier, v popredí je prázdna ulica. Pohľad na kúpalisko Neresnica, v popredí je veľký bazén, plný ľudí v ňom aj okolo neho. Pohľad na Zvolenský zámok na trávnatom kopci, pred ním vedie cesta, na ktorej vpravo vidno jedno osobné auto. Celkom vpredu vidno trávnatú plochu, na ktorej sú vľavo kvetináče s kvetmi
|
| 610 |
2 |
7 |
|a Zvolenský zámok
|2 SNKKA
|9 231245
|
| 650 |
0 |
7 |
|a námestia
|2 SNKPH
|9 26291
|
| 650 |
0 |
7 |
|a budovy
|2 SNKPH
|9 1283
|
| 650 |
0 |
7 |
|a kiná
|2 SNKPH
|9 28594
|
| 650 |
0 |
7 |
|a kúpaliská
|2 SNKPH
|9 4394
|
| 650 |
0 |
7 |
|a zámky
|2 SNKPH
|9 3041
|
| 651 |
|
7 |
|a Zvolen (Slovensko)
|2 SNKPHgeo
|9 14595
|
| 651 |
|
7 |
|a Námestie SNP (Zvolen, Slovensko)
|2 SNKPHgeo
|9 224977
|
| 655 |
|
7 |
|a miestne pohľadnice
|2 SNKPH
|9 70510
|
| 700 |
1 |
|
|a Lorenc, František
|c (fotograf)
|4 pht
|9 177742
|
| 700 |
1 |
|
|a Lorencová, Elena
|c (fotografka)
|4 pht
|9 283290
|
| 700 |
1 |
|
|a Sekal, Josef,
|d 1936-
|4 pht
|9 83549
|
| 700 |
1 |
|
|a Smola, Jozef
|c (grafik)
|4 art
|9 283315
|
| 852 |
|
|
|a Slovenská národná knižnica
|
| 954 |
|
|
|a pohľadnice pôvodné (slovenské)
|2 lita
|
| 954 |
|
|
|a pohľadnice cudzojazyčné (svetové)
|2 lita
|
| 958 |
|
|
|a GBN
|
| 958 |
|
|
|a GC
|
| 958 |
|
|
|a OND
|
| 999 |
|
|
|c 697889
|d 699819
|
| 952 |
|
|
|a SNK
|b SNK
|y PREZ
|7 0
|p 17A1284443
|o snkSP 143015
|i snk3517/90
|0 0
|1 0
|4 0
|d 2020-09-21
|f 1
|l 0
|r 2026-02-23 20:47:42
|w 2026-02-23
|
| 952 |
|
|
|a SNK
|b SNK
|y PREZ
|7 0
|p 17A1290912
|o snkSP 143015 D1
|i snk3518/90
|0 0
|1 0
|4 0
|d 2020-09-21
|l 0
|r 2026-02-23 20:47:42
|w 2026-02-23
|